<?xml version="1.0" encoding="UTF-8"?>
<record
    xmlns:xsi="http://www.w3.org/2001/XMLSchema-instance"
    xsi:schemaLocation="http://www.loc.gov/MARC21/slim http://www.loc.gov/standards/marcxml/schema/MARC21slim.xsd"
    xmlns="http://www.loc.gov/MARC21/slim">

  <leader>02481nam a22003017a 4500</leader>
  <controlfield tag="003">NALT</controlfield>
  <controlfield tag="005">20240822115446.0</controlfield>
  <controlfield tag="008">240813b        th ||||| |||| 00| 0 tha d</controlfield>
  <datafield tag="020" ind1=" " ind2=" ">
    <subfield code="a">9786164220621</subfield>
  </datafield>
  <datafield tag="040" ind1=" " ind2=" ">
    <subfield code="a">NALT</subfield>
  </datafield>
  <datafield tag="050" ind1=" " ind2=" ">
    <subfield code="a">UF 113</subfield>
    <subfield code="b">&#xE27;775&#xE2D; 2563</subfield>
  </datafield>
  <datafield tag="100" ind1="0" ind2=" ">
    <subfield code="a">&#xE27;&#xE34;&#xE2A;&#xE31;&#xE19;&#xE15;&#xE34; &#xE2A;&#xE23;&#xE30;&#xE28;&#xE23;&#xE35;&#xE14;&#xE32;.</subfield>
    <subfield code="9">64531</subfield>
  </datafield>
  <datafield tag="245" ind1="1" ind2="0">
    <subfield code="a">&#xE2D;&#xE32;&#xE27;&#xE38;&#xE18;&#xE1B;&#xE37;&#xE19;&#xE43;&#xE2B;&#xE0D;&#xE48;&#xE42;&#xE1A;&#xE23;&#xE32;&#xE13; &#xE43;&#xE19; &#xE28;&#xE39;&#xE19;&#xE22;&#xE4C;&#xE01;&#xE32;&#xE23;&#xE17;&#xE2B;&#xE32;&#xE23;&#xE1B;&#xE37;&#xE19;&#xE43;&#xE2B;&#xE0D;&#xE48; &#xE04;&#xE48;&#xE32;&#xE22;&#xE1E;&#xE23;&#xE30;&#xE1A;&#xE32;&#xE17;&#xE2A;&#xE21;&#xE40;&#xE14;&#xE47;&#xE08;&#xE1E;&#xE23;&#xE30;&#xE1A;&#xE23;&#xE21;&#xE0A;&#xE19;&#xE01;&#xE32;&#xE18;&#xE34;&#xE40;&#xE1A;&#xE28;&#xE23; &#xE21;&#xE2B;&#xE32;&#xE20;&#xE39;&#xE21;&#xE34;&#xE1E;&#xE25;&#xE2D;&#xE14;&#xE38;&#xE25;&#xE22;&#xE40;&#xE14;&#xE0A;&#xE21;&#xE2B;&#xE32;&#xE23;&#xE32;&#xE0A; &#xE1A;&#xE23;&#xE21;&#xE19;&#xE32;&#xE16;&#xE1A;&#xE1E;&#xE34;&#xE15;&#xE23; /</subfield>
    <subfield code="c">&#xE08;&#xE31;&#xE14;&#xE17;&#xE33;&#xE42;&#xE14;&#xE22; &#xE28;&#xE39;&#xE19;&#xE22;&#xE4C;&#xE01;&#xE32;&#xE23;&#xE17;&#xE2B;&#xE32;&#xE23;&#xE1B;&#xE37;&#xE19;&#xE43;&#xE2B;&#xE0D;&#xE48; ; &#xE04;&#xE13;&#xE30;&#xE1C;&#xE39;&#xE49;&#xE08;&#xE31;&#xE14;&#xE17;&#xE33; &#xE27;&#xE34;&#xE2A;&#xE31;&#xE19;&#xE15;&#xE34; &#xE2A;&#xE23;&#xE30;&#xE28;&#xE23;&#xE35;&#xE14;&#xE32;, &#xE1E;&#xE34;&#xE28;&#xE34;&#xE29;&#xE10; &#xE1B;&#xE31;&#xE0D;&#xE0D;&#xE32;&#xE19;&#xE30;, &#xE18;&#xE32;&#xE21;&#xE18;&#xE19;&#xE34;&#xE01; &#xE21;&#xE35;&#xE40;&#xE14;&#xE0A;, &#xE23;&#xE38;&#xE49;&#xE07;&#xE1F;&#xE49;&#xE32; &#xE08;&#xE34;&#xE15;&#xE15;&#xE4C;&#xE23;&#xE31;&#xE01;&#xE29;&#xE32;, &#xE13;&#xE31;&#xE10;&#xE0A;&#xE32; &#xE40;&#xE2D;&#xE35;&#xE22;&#xE14;&#xE43;&#xE2B;&#xE0D;&#xE48;.</subfield>
  </datafield>
  <datafield tag="260" ind1=" " ind2=" ">
    <subfield code="a">&#xE25;&#xE1E;&#xE1A;&#xE38;&#xE23;&#xE35; :</subfield>
    <subfield code="b">&#xE28;&#xE39;&#xE19;&#xE22;&#xE4C;&#xE01;&#xE32;&#xE23;&#xE17;&#xE2B;&#xE32;&#xE23;&#xE1B;&#xE37;&#xE19;&#xE43;&#xE2B;&#xE0D;&#xE48;,</subfield>
    <subfield code="c">2563.</subfield>
  </datafield>
  <datafield tag="300" ind1=" " ind2=" ">
    <subfield code="a">60 &#xE2B;&#xE19;&#xE49;&#xE32; :</subfield>
    <subfield code="b">&#xE20;&#xE32;&#xE1E;&#xE1B;&#xE23;&#xE30;&#xE01;&#xE2D;&#xE1A; ;</subfield>
    <subfield code="c">22 &#xE0B;&#xE21;.</subfield>
  </datafield>
  <datafield tag="520" ind1=" " ind2=" ">
    <subfield code="a">&#xE40;&#xE1B;&#xE47;&#xE19;&#xE2B;&#xE19;&#xE31;&#xE07;&#xE2A;&#xE37;&#xE2D;&#xE1A;&#xE31;&#xE19;&#xE17;&#xE36;&#xE01;&#xE1B;&#xE23;&#xE30;&#xE27;&#xE31;&#xE15;&#xE34;&#xE1B;&#xE37;&#xE19;&#xE43;&#xE2B;&#xE0D;&#xE48;&#xE2D;&#xE31;&#xE19;&#xE17;&#xE23;&#xE07;&#xE04;&#xE38;&#xE13;&#xE04;&#xE48;&#xE32;&#xE02;&#xE2D;&#xE07;&#xE0A;&#xE32;&#xE15;&#xE34;&#xE44;&#xE27;&#xE49; &#xE21;&#xE34;&#xE43;&#xE2B;&#xE49;&#xE2A;&#xE39;&#xE0D;&#xE2B;&#xE32;&#xE22; &#xE23;&#xE27;&#xE21;&#xE16;&#xE36;&#xE07;&#xE40;&#xE1B;&#xE47;&#xE19;&#xE01;&#xE32;&#xE23;&#xE40;&#xE1C;&#xE22;&#xE41;&#xE1E;&#xE23;&#xE48;&#xE41;&#xE25;&#xE30;&#xE1B;&#xE23;&#xE30;&#xE0A;&#xE32;&#xE2A;&#xE31;&#xE21;&#xE1E;&#xE31;&#xE19;&#xE18;&#xE4C; &#xE2D;&#xE32;&#xE27;&#xE38;&#xE18;&#xE1B;&#xE37;&#xE19;&#xE43;&#xE2B;&#xE0D;&#xE48;&#xE42;&#xE1A;&#xE23;&#xE32;&#xE13;&#xE43;&#xE19;&#xE28;&#xE39;&#xE19;&#xE22;&#xE4C;&#xE01;&#xE32;&#xE23;&#xE17;&#xE2B;&#xE32;&#xE23;&#xE1B;&#xE37;&#xE19;&#xE43;&#xE2B;&#xE0D;&#xE48; &#xE0B;&#xE36;&#xE48;&#xE07;&#xE40;&#xE23;&#xE35;&#xE22;&#xE01;&#xE44;&#xE14;&#xE49;&#xE27;&#xE48;&#xE32; &#xE40;&#xE1B;&#xE47;&#xE19;&#xE02;&#xE2D;&#xE07;&#xE14;&#xE35;&#xE2B;&#xE32;&#xE0A;&#xE21;&#xE22;&#xE32;&#xE01; &#xE43;&#xE2B;&#xE49;&#xE40;&#xE1B;&#xE47;&#xE19;&#xE17;&#xE35;&#xE48;&#xE23;&#xE39;&#xE49;&#xE08;&#xE31;&#xE01;&#xE43;&#xE19;&#xE27;&#xE07;&#xE01;&#xE27;&#xE49;&#xE32;&#xE07;.</subfield>
  </datafield>
  <datafield tag="650" ind1=" " ind2="4">
    <subfield code="a">&#xE1B;&#xE37;&#xE19;&#xE43;&#xE2B;&#xE0D;&#xE48;</subfield>
    <subfield code="x">&#xE1B;&#xE23;&#xE30;&#xE27;&#xE31;&#xE15;&#xE34;</subfield>
    <subfield code="9">64618</subfield>
  </datafield>
  <datafield tag="650" ind1=" " ind2="4">
    <subfield code="a">&#xE1B;&#xE37;&#xE19;&#xE43;&#xE2B;&#xE0D;&#xE48; </subfield>
    <subfield code="z">&#xE44;&#xE17;&#xE22;</subfield>
    <subfield code="x">&#xE1B;&#xE23;&#xE30;&#xE27;&#xE31;&#xE15;&#xE34;</subfield>
    <subfield code="9">64620</subfield>
  </datafield>
  <datafield tag="700" ind1="0" ind2=" ">
    <subfield code="a">&#xE1E;&#xE34;&#xE28;&#xE34;&#xE29;&#xE10; &#xE1B;&#xE31;&#xE0D;&#xE0D;&#xE32;&#xE19;&#xE30;.</subfield>
    <subfield code="9">64628</subfield>
  </datafield>
  <datafield tag="700" ind1="0" ind2=" ">
    <subfield code="a">&#xE18;&#xE32;&#xE21;&#xE18;&#xE19;&#xE34;&#xE01; &#xE21;&#xE35;&#xE40;&#xE14;&#xE0A;.</subfield>
    <subfield code="9">64629</subfield>
  </datafield>
  <datafield tag="700" ind1="0" ind2=" ">
    <subfield code="a">&#xE23;&#xE38;&#xE49;&#xE07;&#xE1F;&#xE49;&#xE32; &#xE08;&#xE34;&#xE15;&#xE15;&#xE4C;&#xE23;&#xE31;&#xE01;&#xE29;&#xE32;.</subfield>
    <subfield code="9">64630</subfield>
  </datafield>
  <datafield tag="700" ind1="0" ind2=" ">
    <subfield code="a">&#xE13;&#xE31;&#xE10;&#xE0A;&#xE32; &#xE40;&#xE2D;&#xE35;&#xE22;&#xE14;&#xE43;&#xE2B;&#xE0D;&#xE48;.</subfield>
    <subfield code="9">64631</subfield>
  </datafield>
  <datafield tag="710" ind1="2" ind2=" ">
    <subfield code="a">&#xE28;&#xE39;&#xE19;&#xE22;&#xE4C;&#xE01;&#xE32;&#xE23;&#xE17;&#xE2B;&#xE32;&#xE23;&#xE1B;&#xE37;&#xE19;&#xE43;&#xE2B;&#xE0D;&#xE48;</subfield>
    <subfield code="9">64625</subfield>
  </datafield>
  <datafield tag="942" ind1=" " ind2=" ">
    <subfield code="c">GB</subfield>
    <subfield code="2">lcc</subfield>
  </datafield>
  <datafield tag="996" ind1=" " ind2=" ">
    <subfield code="a">chunbijaya.r</subfield>
    <subfield code="b">CATSTF	</subfield>
    <subfield code="c">2024-08-13</subfield>
  </datafield>
  <datafield tag="996" ind1=" " ind2=" ">
    <subfield code="a">jamriang.p</subfield>
    <subfield code="b">CATSTF	</subfield>
    <subfield code="c">2024-08-22</subfield>
  </datafield>
  <datafield tag="999" ind1=" " ind2=" ">
    <subfield code="c">105609</subfield>
    <subfield code="d">105609</subfield>
  </datafield>
  <datafield tag="998" ind1=" " ind2=" ">
    <subfield code="j">1020</subfield>
    <subfield code="k"> &#xE08;&#xE33;&#xE40;&#xE23;&#xE35;&#xE22;&#xE07;  &#xE23;&#xE30;&#xE27;&#xE31;&#xE07;&#xE2A;&#xE33;&#xE42;&#xE23;&#xE07;</subfield>
  </datafield>
  <datafield tag="952" ind1=" " ind2=" ">
    <subfield code="0">0</subfield>
    <subfield code="1">0</subfield>
    <subfield code="2">lcc</subfield>
    <subfield code="4">0</subfield>
    <subfield code="7">0</subfield>
    <subfield code="8">CGBL</subfield>
    <subfield code="a">NALT</subfield>
    <subfield code="b">NALT</subfield>
    <subfield code="c">GEN</subfield>
    <subfield code="d">2024-08-13</subfield>
    <subfield code="l">0</subfield>
    <subfield code="o">UF 113 &#xE27;775&#xE2D; 2563</subfield>
    <subfield code="p">3961214399</subfield>
    <subfield code="r">2024-09-02 00:00:00</subfield>
    <subfield code="t">&#xE09;.1</subfield>
    <subfield code="w">2024-08-13</subfield>
    <subfield code="y">GB</subfield>
  </datafield>
  <datafield tag="952" ind1=" " ind2=" ">
    <subfield code="0">0</subfield>
    <subfield code="1">0</subfield>
    <subfield code="2">lcc</subfield>
    <subfield code="4">0</subfield>
    <subfield code="7">0</subfield>
    <subfield code="8">CGBL</subfield>
    <subfield code="a">NALT</subfield>
    <subfield code="b">NALT</subfield>
    <subfield code="c">GEN</subfield>
    <subfield code="d">2024-08-13</subfield>
    <subfield code="l">0</subfield>
    <subfield code="o">UF 113 &#xE27;775&#xE2D; 2563</subfield>
    <subfield code="p">3961214400</subfield>
    <subfield code="r">2024-09-02 00:00:00</subfield>
    <subfield code="t">&#xE09;.2</subfield>
    <subfield code="w">2024-08-13</subfield>
    <subfield code="y">GB</subfield>
  </datafield>
</record>
